Statistics for General Knowledge Quiz #123

Click here to take the quiz!

General Stats

  • This quiz has been taken 63,123 times
    (33,360 since last reset)
  • The average score is 11 of 20

Answer Stats

QuestionAnswer% Correct
What's the opposite of a carnivore?Herbivore
95%
What type of animals were the subject of the movie "Happy Feet"?Penguins
91%
What creature's name is "draco" in Latin?Dragon
80%
In the name of the terrorist group ISIS, what do the first two letters stand for?Islamic State
68%
What fictional character has been portrayed by Eartha Kitt, Michelle Pfeiffer,
Halle Berry, and Anne Hathaway?
Catwoman
62%
Who is the Princess of the Mushroom Kingdom?Princess Peach
62%
What world leader famously wore a dhoti (a type of loincloth)?Mohandas Gandhi
59%
What is the name for a jury that can not come to a unanimous decision?{Hung} jury
58%
U2 started one of their songs with the bewildering countdown: "uno, dos, tres, catorce".
What does "catorce" mean?
14
55%
What by any other name would smell as sweet?A rose
50%
What word starts with gh and means graverobber?Ghoul
48%
For what activity is it common to wear jodhpurs?Horse riding
48%
What virus can cause cervical cancer but can also be prevented with a vaccine?HPV
46%
Who was married EIGHT separate times, twice to Richard Burton?Elizabeth Taylor
38%
What capital city can be found in central Anatolia?Ankara
35%
What ancient Greek titan devoured his children?Cronus
33%
Who was 6 cubits and a span tall?Goliath
32%
What was the ancient Greek version of heaven?The {Elysian} Fields
32%
In what mountain range would you find the city of Tbilisi?South Caucasus
30%
What bird organ contains stones for grinding up food?Gizzard
27%

Score Distribution

Percentile by Number Answered

Percent of People with Each Score

Your Score History

You have not taken this quiz since the last reset